000 01176cam a22003014a 4500
001 13166148
003 ARRUPE
005 20140409020011.0
008 030417s2003 cau b 001 0 eng
010 _a 2003050813
020 _a0060526769
040 _aDLC
_cDLC
_dDLC
042 _apcc
050 0 0 _aBT77
_b.B72 2003
082 0 0 _a230
_221
100 1 _aBorg, Marcus J.
_98922
245 1 4 _aThe heart of Christianity :
_brediscovering a life of faith /
_cMarcus J. Borg.
250 _a1st ed.
260 _a[San Francisco] :
_bHarperSanFrancisco,
_cc2003.
300 _axv, 234 p. ;
_c22 cm.
504 _aIncludes bibliographical references and index.
650 0 _aTheology, Doctrinal
_vPopular works.
_98923
856 4 2 _3Publisher description
_uhttp://www.loc.gov/catdir/description/hc041/2003050813.html
856 4 2 _3Contributor biographical information
_uhttp://www.loc.gov/catdir/enhancements/fy0910/2003050813-b.html
906 _a7
_bcbc
_corignew
_d1
_eocip
_f20
_gy-gencatlg
942 _2lcc
_cMONOGRAPH
_03
999 _c120159
_d120159